Detalles MARC
| 000 -LEADER |
| campo de control de longitud fija |
02437nam a22005294i 4500 |
| 003 - IDENTIFICADOR DE NÚMERO DE CONTROL |
| campo de control |
PE-LiUPU |
| 005 - FECHA Y HORA DE LA ÚLTIMA TRANSACCIÓN |
| campo de control |
20250731184535.0 |
| 008 - DATOS DE LONGITUD FIJA--INFORMACIÓN GENERAL |
| campo de control de longitud fija |
170811s2016 pe a rb 001 0 spa d |
| 020 ## - NÚMERO INTERNACIONAL ESTÁNDAR DEL LIBRO |
| Número Internacional Estándar del Libro |
6124121190 |
| 020 ## - NÚMERO INTERNACIONAL ESTÁNDAR DEL LIBRO |
| Número Internacional Estándar del Libro |
9786124121197 |
| 035 ## - NÚMERO DE CONTROL DEL SISTEMA |
| Número de control de sistema |
(Sirsi) a238240 |
| 040 ## - FUENTE DE CATALOGACIÓN |
| Centro catalogador/agencia de origen |
PE-LiUPU |
| Lengua de catalogación |
spa |
| Centro/agencia transcriptor |
PE-LiUPU |
| Normas de descripción |
rda |
| 041 1# - CÓDIGO DE IDIOMA |
| Código de lengua del texto/banda sonora o título independiente |
spa |
| Código de lengua original |
eng |
| 049 ## - FONDOS LOCALES (OCLC) |
| Biblioteca depositaria |
PRUA |
| 082 ## - NÚMERO DE LA CLASIFICACIÓN DECIMAL DEWEY |
| Número de clasificación |
985.019 |
| Cutter |
A68 |
| Número de edición |
20 |
| 100 1# - ENTRADA PRINCIPAL--NOMBRE DE PERSONA |
| Nombre de persona |
Bauer, Brian, |
| Término indicativo de función/relación |
autor. |
| 245 13 - MENCIÓN DEL TÍTULO |
| Título |
El espacio sagrado de los incas : |
| Resto del título |
el sistema de Ceques del Cuzco / |
| Mención de responsabilidad, etc. |
Brian S. Bauer. |
| 250 ## - MENCION DE EDICION |
| Mención de edición |
2a edición, actualizada y con nuevos apéndices. |
| 264 ## - PRODUCCIÓN, PUBLICACIÓN, DISTRIBUCIÓN, FABRICACIÓN Y COPYRIGHT |
| Producción, publicación, distribución, fabricación y copyright |
Lima : |
| Nombre del de productor, editor, distribuidor, fabricante |
Centro de Estudios Regionales Andinos Bartolomé de las Casas, |
| Fecha de producción, publicación, distribución, fabricación o copyright |
2016. |
| 300 ## - DESCRIPCIÓN FÍSICA |
| Extensión |
255 páginas : |
| Otras características físicas |
ilustraciones ; |
| Dimensiones |
29 centímetros |
| 336 ## - TIPO DE CONTENIDO |
| Término de tipo de contenido |
text |
| Fuente |
rdacontent |
| 337 ## - TIPO DE MEDIO |
| Nombre/término del tipo de medio |
unmediated |
| Fuente |
rdamedia |
| 338 ## - TIPO DE SOPORTE |
| Nombre/término del tipo de soporte |
volume |
| Fuente |
rdacarrier |
| 504 ## - NOTA DE BIBLIOGRAFÍA, ETC. |
| Nota de bibliografía, etc. |
Bibliografía : páginas 236-249. |
| 504 ## - NOTA DE BIBLIOGRAFÍA, ETC. |
| Nota de bibliografía, etc. |
Índices: páginas 250-255. |
| 505 ## - NOTA DE CONTENIDO CON FORMATO |
| Nota de contenido con formato |
Los santuarios y ceques del Cuzco -- La organización del Cuzco y el sistema de ceques -- Estudios del sistema de ceques -- El manuscrito original del sistema de ceques -- Huacas -- La organización social del Cuzco y su sistema de ceques -- Las huacas y ceques del Chinchaysuyu -- Las huacas y ceques del Antisuyu -- Las huacas y ceques del Collasuyu -- Las huacas y ceques del Cuntisuyu -- Albornoz y el sistema de ceques del Cuzco -- Sistemas de huacas y ceques: pasado y presente -- El sistema de ceques del Cuzco: balance general. |
| 526 ## - NOTA DE INFORMACIÓN SOBRE EL PROGRAMA DE ESTUDIO |
| Nombre del programa |
Doctorado En Educación Con Mención En Currículo Y Docencia (A Distancia) |
| 526 ## - NOTA DE INFORMACIÓN SOBRE EL PROGRAMA DE ESTUDIO |
| Nombre del programa |
Doctorado En Educación Con Mención En Currículo Y Docencia (Semipresencial) |
| 526 ## - NOTA DE INFORMACIÓN SOBRE EL PROGRAMA DE ESTUDIO |
| Nombre del programa |
Doctorado En Educación Con Mención En Gestión Educativa (A Distancia) |
| 526 ## - NOTA DE INFORMACIÓN SOBRE EL PROGRAMA DE ESTUDIO |
| Nombre del programa |
Doctorado En Educación Con Mención En Gestión Educativa (Semipresencial) |
| 526 ## - NOTA DE INFORMACIÓN SOBRE EL PROGRAMA DE ESTUDIO |
| Nombre del programa |
Derecho semipresencial |
| 526 ## - NOTA DE INFORMACIÓN SOBRE EL PROGRAMA DE ESTUDIO |
| Nombre del programa |
Derecho presencial |
| 526 ## - NOTA DE INFORMACIÓN SOBRE EL PROGRAMA DE ESTUDIO |
| Nombre del programa |
Maestría en teología histórica |
| 526 ## - NOTA DE INFORMACIÓN SOBRE EL PROGRAMA DE ESTUDIO |
| Nombre del programa |
Teología |
| 526 ## - NOTA DE INFORMACIÓN SOBRE EL PROGRAMA DE ESTUDIO |
| Nombre del programa |
Educación primaria |
| 526 ## - NOTA DE INFORMACIÓN SOBRE EL PROGRAMA DE ESTUDIO |
| Nombre del programa |
Educación secundaria, especialidad lingüística e inglés |
| 526 ## - NOTA DE INFORMACIÓN SOBRE EL PROGRAMA DE ESTUDIO |
| Nombre del programa |
Educación secundaria, especialidad ambiental, biología y química |
| 526 ## - NOTA DE INFORMACIÓN SOBRE EL PROGRAMA DE ESTUDIO |
| Nombre del programa |
Arquitectura |
| 534 ## - NOTA SOBRE LA VERSIÓN ORIGINAL |
| Encabezamiento principal del original |
Titulo original : |
| Mención de título del original |
The Sacred Landscape of the Inca. The Cusco ceque system. |
| 596 ## - |
| -- |
1 |
| 910 ## - DATOS DE OPCIÓN DEL USUARIO (OCLC) |
| Datos de opción del usuario |
jck |
| -- |
jvq |
| -- |
wmm |
| -- |
20170811 |
| 942 ## - ELEMENTOS DE ENTRADA SECUNDARIOS (KOHA) |
| Fuente del sistema de clasificación o colocación |
Clasificación Decimal Dewey |
| Tipo de ítem Koha |
|
| 949 ## - PROCESAMIENTO DE INFORMACIÓN LOCAL (OCLC) |
| a |
985.019 A68 |
| w |
DEWEY |
| c |
1 |
| i |
72726 |
| l |
CATALOGING |
| m |
BUL |
| p |
19.99 |
| r |
0 |
| s |
Y |
| t |
BOOK |
| u |
2017-08-11 |
| x |
INGENIERIA |
| -- |
P06 |
| 0 |
COMPRA |
| o |
.STAFF. Colección Ingeniería y Arquitectura |
| 994 ## - |
| -- |
C0 |
| -- |
PEPRU |
| 999 ## - NÚMEROS DE CONTROL DE SISTEMA (KOHA) |
| -- |
DEWEY |
| -- |
76726 |
| -- |
2018-5-11 |
| -- |
2021-11-10 |
| -- |
4 |
| -- |
CCODEBUL1 |
| -- |
BUL |
| -- |
1 |
| -- |
19.99 |
| -- |
0 |
| -- |
Y |
| -- |
BOOK |
| -- |
2017-8-11 |
| -- |
INGENIERIA |
| -- |
P06 |
| -- |
COMPRA |
| -- |
.STAFF. Colección Ingeniería y Arquitectura |
| 980 ## - EQUIVALENCIA O REFERENCIA-CRUZADA-MENCIÓN DE SERIE--NOMBRE DE PERSONA/TÍTULO [LOCAL, CANADÁ] |
| ID del último usuario que modificó el registro |
1 |
| Nombre del último usuario que modificó el registro |
ALBERTO SANCHEZ Responsable de Automatización |